Football Teams Bradley Johnson Played For - Statistics

General Stats
  • This quiz has been taken 4 times
  • The average score is 6 of 11
Answer Stats
Team % Correct
Derby County
100%
Norwich City
100%
Blackburn Rovers
75%
Leeds United
75%
Brighton & Hove Albion
50%
Milton Keynes Dons
50%
Northampton Town
50%
Stevenage Borough
50%
Cambridge United
25%
Gravesend & Northfleet
25%
Waltham Forest
25%
No matching quizzes found
Score Distribution
Percent of People with Each Score
Percentile by Number Answered
Your Score History
You have not taken this quiz